| Tag |
First Indicator |
Second Indicator |
Subfields |
| LEADER |
00000cgm a2200000Mi 4500 |
| 001 |
in00005542821 |
| 006 |
m o c |
| 007 |
cr |n||||||||a |
| 007 |
vz |za|z| |
| 008 |
190306s2016 enk053 e o vleng d |
| 005 |
20241201225945.1 |
| 035 |
|
|
|a (OCoLC)on1096492676
|
| 040 |
|
|
|a ALSTP
|b eng
|e rda
|c ALSTP
|d OCLCO
|d STF
|d OCLCO
|d OCLCF
|d OCLCO
|d OCLCQ
|d DXU
|
| 019 |
|
|
|a 1373541158
|a 1443999220
|
| 035 |
|
|
|a (OCoLC)1096492676
|z (OCoLC)1373541158
|z (OCoLC)1443999220
|
| 043 |
|
|
|a f-bs---
|
| 049 |
|
|
|a TXAM
|
| 245 |
0 |
0 |
|a Seasonal wonderlands.
|n [Episode 3],
|p Okavango /
|c produced and written by Paul Bradshaw ; BBC Earth.
|
| 246 |
3 |
0 |
|a Okavango
|
| 264 |
|
1 |
|a London, England :
|b BBC Worldwide,
|c 2016.
|
| 300 |
|
|
|a 1 online resource (53 minutes)
|
| 306 |
|
|
|a 005230
|
| 336 |
|
|
|a two-dimensional moving image
|b tdi
|2 rdacontent
|
| 337 |
|
|
|a computer
|b c
|2 rdamedia
|
| 337 |
|
|
|a video
|b v
|2 rdamedia
|
| 338 |
|
|
|a online resource
|b cr
|2 rdacarrier
|
| 347 |
|
|
|a video file
|2 rda
|
| 490 |
0 |
|
|a Academic Video Online
|
| 500 |
|
|
|a Title from resource description page (viewed March 06, 2019).
|
| 511 |
0 |
|
|a Narrated by Domhnall Gleeson.
|
| 520 |
|
|
|a Set in three of the most seasonally changeable landscapes on Earth, this beautiful series reveals the stunning transformations that occur each year and how wildlife copes with them. In Svalbard, follow the transformation from dark, frozen winter to rich tundra, home to birds, Arctic foxes, polar bears, walrus and reindeer. In the Okavango Delta, the film reveals how the yearly flood not only transforms the landscape and impacts the lives of the animals that live here, but also actually creates this extraordinary delta in the first place. And in New England, as the vivid greens of summer give way to the blazing reds of the fall, the final film shows how the trees work hand in hand with the forest's inhabitants to create this a vibrant fiesta.
|
| 546 |
|
|
|a In English.
|
| 650 |
|
0 |
|a Ecology
|z Botswana
|z Okavango River Delta.
|
| 650 |
|
0 |
|a Seasons
|z Botswana
|z Okavango River Delta.
|
| 651 |
|
0 |
|a Okavango River Delta (Botswana)
|x Description and travel.
|
| 650 |
|
6 |
|a Saisons
|z Botswana
|z Okavango, Marais de l'.
|
| 651 |
|
6 |
|a Okavango, Marais de l' (Botswana)
|x Descriptions et voyages.
|
| 650 |
|
7 |
|a Ecology.
|2 fast
|0 (OCoLC)fst00901476
|
| 650 |
|
7 |
|a Seasons.
|2 fast
|0 (OCoLC)fst01110447
|
| 650 |
|
7 |
|a Travel.
|2 fast
|0 (OCoLC)fst01155558
|
| 651 |
|
7 |
|a Botswana
|z Okavango River Delta.
|2 fast
|0 (OCoLC)fst01258205
|
| 655 |
|
7 |
|a Documentary television programs.
|2 fast
|0 (OCoLC)fst01710387
|
| 655 |
|
7 |
|a Documentary television programs.
|2 lcgft
|
| 655 |
|
7 |
|a Documentaires télévisés.
|2 rvmgf
|
| 700 |
1 |
|
|a Bradshaw, Paul
|c (Television producer),
|e producer.
|
| 710 |
2 |
|
|a BBC Earth (Firm),
|e production company.
|
| 856 |
4 |
0 |
|u http://proxy.library.tamu.edu/login?url=https://www.aspresolver.com/aspresolver.asp?MARC;4035594
|z Connect to this streaming video (Alexander Street Press)
|t 0
|
| 955 |
|
|
|a Alexander Street Press subscription streaming video
|
| 994 |
|
|
|a 92
|b TXA
|
| 999 |
f |
f |
|s 8de2a60f-a024-44a4-ad13-12029923d0e2
|i 53c15a78-5c48-477f-8b9f-8ef81c66107b
|t 0
|
| 952 |
f |
f |
|a Texas A&M University
|b College Station
|c Electronic Resources
|d Available Online
|t 0
|h Library of Congress classification
|
| 998 |
f |
f |
|t 0
|l Available Online
|